| 000 | 01849cam a22003134a 4500 | ||
|---|---|---|---|
| 999 |
_c4026 _d4026 |
||
| 001 | 13548134 | ||
| 003 | Nust | ||
| 005 | 20170105101618.0 | ||
| 008 | 040405s2004 inu b 001 0 eng | ||
| 010 | _a 2004007930 | ||
| 020 | _a0941532607 (pbk. : alk. paper) | ||
| 040 |
_aDLC _cDLC _dDLC |
||
| 042 | _apcc | ||
| 050 | 0 | 0 |
_aBP60 _b.I7848 2004 |
| 082 | 0 | 0 |
_a297.09051 _bNAS |
| 245 | 0 | 0 |
_aIslam, fundamentalism, and the betrayal of tradition : _bessays by Western Muslim scholars / _cedited by Joseph E.B. Lumbard ; foreword by Seyyed Hossein Nasr. |
| 260 |
_aBloomington, Ind. : _bWorld Wisdom, _c2004. |
||
| 300 |
_axxii, 324 p. ; _c23 cm. |
||
| 440 | 4 | _aThe perennial philosophy series | |
| 504 | _aIncludes bibliographical references (p. 311-324) and index. | ||
| 505 | 0 | _aReligious foundations. The myth of a militant Islam / David Dakake -- The decline of knowledge and the rise of ideology in the modern Islamic world / Joseph E.B. Lumbard -- A traditional Islamic response to the rise of modernism / Fuad S. Naeem -- Historical dimensions. Recollecting the spirit of jihād / Reza Shah-Kazemi -- Roots of misconception : Euro-American perceptions of Islam -- Before and after September 11 / Ibrahim Kalin -- Political dimensions. The Economics of terrorism : how Bin Laden is changing the rules of the game / Waleed El-Ansary -- The Muslim world and globalization : modernity and the roots of conflict / Ejaz Akram -- The poverty of fanaticism / T.J. Winter. | |
| 650 | 0 | _aIslamic fundamentalism. | |
| 650 | 0 | _aIslam and world politics. | |
| 650 | 0 | _aSeptember 11 Terrorist Attacks, 2001. | |
| 700 | 1 |
_aLumbard, Joseph E. B., _d1969- |
|
| 906 |
_a7 _bcbc _corignew _d1 _eecip _f20 _gy-gencatlg |
||
| 942 |
_2ddc _cBK |
||